Get the Picture: Freeman or Jackson Quiz Stats

 Plays Quiz Updated May 10, 2019

Score 0/20 Timer 02:30
0 Plays Today
Question Answer Wrong Answers
The Shawshank Redemption (1994) Morgan Freeman
92.9%
Samuel L. Jackson
4%
Driving Miss Daisy (1989) Morgan Freeman
92.9%
Samuel L. Jackson
4.1%
Pulp Fiction (1994) Samuel L. Jackson
92.5%
Morgan Freeman
4.7%
Bruce Almighty (2003) Morgan Freeman
91.7%
Samuel L. Jackson
5.7%
Shaft (2000) Samuel L. Jackson
88.8%
Morgan Freeman
8.3%
The Avengers (2012) Samuel L. Jackson
86.3%
Morgan Freeman
10.6%
Invictus (2009) Morgan Freeman
85.5%
Samuel L. Jackson
12.1%
Star Wars: Episode II – Attack of the Clones (2002) Samuel L. Jackson
85.3%
Morgan Freeman
11.7%
Die Hard with a Vengeance (1995) Samuel L. Jackson
84.9%
Morgan Freeman
12.1%
Se7en (1995) Morgan Freeman
84.7%
Samuel L. Jackson
12.6%
The Hateful Eight (2015) Samuel L. Jackson
83.8%
Morgan Freeman
13.4%
Kong: Skull Island (2017) Samuel L. Jackson
83.2%
Morgan Freeman
14%
The Dark Knight (2008) Morgan Freeman
83.1%
Samuel L. Jackson
14.3%
Robin Hood: Prince of Thieves (1991) Morgan Freeman
80.6%
Samuel L. Jackson
16.3%
Jungle Fever (1991) Samuel L. Jackson
78.3%
Morgan Freeman
18.9%
RED (2010) Morgan Freeman
74.7%
Samuel L. Jackson
22.5%
Unbreakable (2000) Samuel L. Jackson
73.8%
Morgan Freeman
23.5%
The Sum of All Fears (2002) Morgan Freeman
68.2%
Samuel L. Jackson
28.9%
Deep Impact (1998) Morgan Freeman
66.5%
Samuel L. Jackson
30.8%
A Time to Kill (1996) Samuel L. Jackson
61.9%
Morgan Freeman
35.3%

Today's Daily Dose

Missing Word
Sherlocks

Word Ladder
King of the Hill

Quick Pick
Songs in Pink

Get the Picture
NBA Teammates

You're not logged in!

Compare scores with friends on all Sporcle quizzes.
OR
Log In

Sporcle TV

Today on Sporcle TV


Watch our educational content, quiz creation guides, and fun videos on Sporcle TV.

Show Comments

Extras

Top Quizzes Today


Score Distribution

Your Account Isn't Verified!

In order to create a playlist on Sporcle, you need to verify the email address you used during registration. Go to your Sporcle Settings to finish the process.

Report this User

Report this user for behavior that violates our Community Guidelines.

Details: